00366pab a2200121 454500008004000000100002000040245007900060260000900139300001200148362001400160650003600174773003400210180718b1991 xxu||||| |||| 00| 0 eng d aSandesara, J.C. aNew industrial policybQuestions of efficient growth and social objectives c1991 a1869-72 a3-10 Aug. aGovernment and Business - India aEconomic and Political Weekly